| Tag |
First Indicator |
Second Indicator |
Subfields |
| LEADER |
00000cam a2200000 i 4500 |
| 001 |
in00003965549 |
| 006 |
m o d |
| 007 |
cr ||||||||||| |
| 008 |
160615s2016 ne ob 001 0 eng |
| 005 |
20250816204432.1 |
| 010 |
|
|
|a 2016027990
|
| 020 |
|
|
|a 9789004244962
|q (E-book)
|
| 020 |
|
|
|a 9004244964
|q (E-book)
|
| 020 |
|
|
|z 9789004288287
|q (hardcover
|q alkaline paper)
|
| 024 |
8 |
|
|a 99974164052
|
| 035 |
|
|
|a (DLC)ebc4751168
|
| 040 |
|
|
|a NhCcYBP
|c NhCcYBP
|d UtOrBLW
|
| 042 |
|
|
|a pcc
|
| 050 |
|
4 |
|a BF1548
|b .I58 2016
|
| 082 |
0 |
0 |
|a 133.4/2209
|2 23
|
| 100 |
1 |
|
|a Introvigne, Massimo,
|e author.
|0 http://id.loc.gov/authorities/names/n84111939
|
| 245 |
1 |
0 |
|a Satanism :
|b a social history /
|c by Massimo Introvigne.
|
| 264 |
|
1 |
|a Leiden ;
|a Boston :
|b Brill,
|c [2016]
|
| 300 |
|
|
|a 1 online resource.
|
| 336 |
|
|
|a text
|b txt
|2 rdacontent
|
| 337 |
|
|
|a computer
|b n
|2 rdamedia
|
| 338 |
|
|
|a online resource
|b cr
|2 rdacarrier
|
| 490 |
1 |
|
|a Aries book series. Texts and studies in Western esotericism,
|x 1871-1405 ;
|v Volume 21
|
| 504 |
|
|
|a Includes bibliographical references and index.
|
| 588 |
0 |
|
|a Online resource; title from digital title page (viewed on September 15, 2016).
|
| 505 |
0 |
|
|a Satanism: A Social History; Copyright; Contents; Acknowledgements; Introduction; Encountering Satanism; Satanism: A Definition; Satanism, Anti-Satanism, and the Pendulum Theory; Part 1: Proto-Satanism, 17th and 18th Centuries; 1 France: Satan in the Courtroom; Satan the Witch: The Witches' Sabbath and Satanism; Satan the Exorcist: Possession Trials; Satan the Poisoner: "Black Masses" at the Court of Louis xiv; 2 Sweden: Satan the Highway Robber; 3 Italy: Satan the Friar; 4 England: Satan the Member of Parliament; 5 Russia: Satan the Translator; Part 2: Classical Satanism, 1821-1952.
|
| 505 |
8 |
|
|a 6 An Epidemic of Anti-Satanism, 1821-1870A Disoriented: Fiard; A Lunatic? Berbiguier; Berbiguier's Occult Legacy; Scholars against Satan: From Görres to Mirville; A Polemist: Gougenot des Mousseaux; A Lawyer: Bizouard; Éliphas Lévi and the Baphomet; 7 Around Huysmans, 1870-1891; Satan the Archivist: Vintras; Satan the Pervert: Boullan; Boullan in Poland? Mariavites and the Occult; Satan the Journalist: Jules Bois; Satan the Author: Huysmans, Boullan, and the Satanists; Huysmans' Là-bas; Satan the Catholic Priest: The Mystery of Canon Van Haecke; Huysmans' Last Years.
|
| 505 |
8 |
|
|a 8 Satan the Freemason: The Mystification of Léo Taxil, 1891-1897Le Diable au 19e siècle; Enter Diana Vaughan; The Sources of the Diable; The Early Career of Léo Taxil; Taxil and Diana Vaughan; Taxil under Siege; The Fall of Taxil; Aftermath; Many Questions and Some Answers; 9 A Satanic Underground, 1897-1952; Satan the Unknown: Ben Kadosh; Satan the Philosopher: Stanisław Przybyszewski and Josef Váchal; Satan the Suicidal: The Ordo Albi Orientis and the Polish Satanism Scare; Satan the Great Beast: Aleister Crowley and Satanism; Satan the Counter-Initiate: René Guénon vs. Satanism.
|
| 505 |
8 |
|
|a Satan and His Priestess: L'Élue du DragonA Real "Élue du Dragon": Maria de Naglowska; Satan the Barber: Herbert Sloane's Ophite Cultus Sathanas; From Crowley to Lucifer: The Early Fraternitas Saturni; Crowley and Gardner: Why Early Wicca was Not Satanist; Satan the Antichrist: Jack Parsons and His Lodge; Part 3: Contemporary Satanism, 1952-2016; 10 The Origins of Contemporary Satanism, 1952-1980; Anton LaVey's Early Career; 1966: Year One of Satan; LaVey's Black Mass; The Satanic Bible; The Growing Church of Satan, 1969-1972; The Satanic Rituals; Aquino vs. LaVey: The Schism of 1975.
|
| 505 |
8 |
|
|a Satan the Jungian: The ProcessSatan in Jail: The Case of Charles Manson; Satan the Egyptian: The Temple of Set; Satan the Pimp: The Society of the Dark Lily; Satan the Prophet: The Order of Nine Angles; Satan the Nietzschean: The Order of the Left Hand Path; Satan the Alien: Joy of Satan; 11 The Great Satanism Scare, 1980-1994; From Anti-cultism to Anti-satanism; Satan the Psychiatrist: Therapists and Survivors; Satan the Mormon: The Utah Satanic Abuse Scare; Satan in the Kindergarten: The Pre-school Cases; Satan the Preacher: Religious Counter-Satanism.
|
| 500 |
|
|
|a Electronic resource.
|
| 650 |
|
0 |
|a Satanism
|x Social aspects
|x History.
|
| 655 |
|
7 |
|a Electronic books.
|2 local
|
| 710 |
2 |
|
|a ProQuest (Firm)
|0 http://id.loc.gov/authorities/names/n2007068018
|
| 776 |
1 |
8 |
|i Print version:
|a Introvigne, Massimo.
|t Satanism.
|d Leiden ; Boston : Brill, 2016
|z 9789004288287
|w (DLC) 2016026641
|
| 830 |
|
0 |
|a Aries book series ;
|v v. 21.
|0 http://id.loc.gov/authorities/names/n2006023469
|
| 856 |
4 |
0 |
|u https://ebookcentral.proquest.com/lib/tamucs/detail.action?docID=4751168
|y Connect to the full text of this electronic book
|t 0
|
| 955 |
|
|
|a YBP purchased firm e-records
|
| 980 |
|
|
|b 318.75
|g 1
|
| 987 |
|
|
|a ybp13104478
|
| 999 |
f |
f |
|s 5f2885ea-7af9-3df9-88a3-bc17a9609822
|i d76ec168-906c-3474-bfd4-c56266382465
|t 0
|
| 952 |
f |
f |
|a Texas A&M University
|b College Station
|c Electronic Resources
|d Available Online
|t 0
|e BF1548 .I58 2016
|h Library of Congress classification
|
| 998 |
f |
f |
|a BF1548 .I58 2016
|t 0
|l Available Online
|